Double Consonant Pair Words Quiz Stats

 Plays Quiz Updated Jan 14, 2018

Challenge
Share
Tweet
Embed
Score 0/32 Timer 10:00
1 Play Today
% Correct
PR
87.8%
PH
87.4%
HT
86.6%
CR
85.3%
SP
84.9%
SH
84.3%
GH
83.3%
CK
82%
DS
81.6%
TR
81.4%
RD
80.2%
NC
79.1%
KN
78.8%
WN
77.8%
CL
77.3%
MP
77.3%
% Correct
TH
77.2%
RS
76.2%
LT
76.2%
PL
75.2%
GL
74.8%
ND
74.5%
ST
74.1%
DG
74%
NG
73.3%
BS
72.7%
LF
70%
NT
66.6%
NS
61%
TZ
55.7%
NK
51.7%
TS
48.1%

You're not logged in!

Compare scores with friends on all Sporcle quizzes.
Join for Free
OR
Log In

You Might Also Like...

Show Comments

Extras

Top Quizzes Today


Score Distribution

Your Account Isn't Verified!

In order to create a playlist on Sporcle, you need to verify the email address you used during registration. Go to your Sporcle Settings to finish the process.

Report this User

Report this user for behavior that violates our Community Guidelines.

Details: